Hubbard, Ron L (Record no. 3939)
[ view plain ]
| 000 -LEADER | |
|---|---|
| fixed length control field | 00335nam a2200121Ia 4500 |
| 008 - FIXED-LENGTH DATA ELEMENTS--GENERAL INFORMATION | |
| fixed length control field | 151015s9999 xx 000 0 und d |
| 020 ## - INTERNATIONAL STANDARD BOOK NUMBER | |
| International Standard Book Number | 9.7815921287e+012 |
| 245 ## - TITLE STATEMENT | |
| Title | Hubbard, Ron L |
| 250 ## - EDITION STATEMENT | |
| Edition statement | _Writes of th future L.Ron Hubbard |
| 300 ## - PHYSICAL DESCRIPTION | |
| Extent | Hollywood Galaxy press 2011 |
| 650 ## - SUBJECT ADDED ENTRY--TOPICAL TERM | |
| Topical term or geographic name as entry element | _Novel |
| 700 ## - ADDED ENTRY--PERSONAL NAME | |
| Personal name | ^d20130213 02:38:23^oanne |
No items available.